Capitales par lettre - D - Statistiques

Statistiques générales
  • Ce quiz a été pris 158 fois
    126 depuis la dernière actualisation
  • Le résultat moyen est 6 sur 10
Statistiques - réponses
Réponse % Correct
Dublin
87%
Dacca
78%
Dakar
77%
Djibouti
76%
Damas
62%
Douchanbé
56%
Dili
54%
Doha
53%
Dodoma
51%
Djouba
34%
Aucun quiz correspondant
Distribution des résultats
% des personnes avec chaque résultat
Percentile par nombre de réponses
Votre historique - résultats
Vous n’avez pas pris ce quiz depuis la dernière actualisation